|
|
|
|
| LEADER |
01870nam a22003497a 4500 |
| 001 |
40660 |
| 003 |
BD-DhAAL |
| 005 |
20230119120950.0 |
| 008 |
230119r20172010bg a|||| b||| 00| 0dben d |
| 020 |
|
|
|a 9847018700215
|
| 040 |
|
|
|a BD-DhAAL
|c BD-DhAAL
|
| 041 |
|
|
|a ben
|
| 082 |
|
|
|a 891.443
|2 23
|
| 100 |
|
|
|a কায়সার, শহিদুল্লা
|9 53394
|
| 245 |
|
|
|a উপন্যাসসমগ্র - এক /
|c শহিদুল্লা কায়সার; ভূমিকা আনিসুজ্জামান ও সম্পাদনা পান্না কায়সার
|
| 246 |
|
|
|a Upnyassamagra
|
| 260 |
|
|
|a ঢাকা :
|b চারুলিপি প্রকাশন,
|c ২০১০ [দ্বিতীয় মুদ্রণ ২০১৭]
|
| 300 |
|
|
|a ৫২৭ পৃষ্ঠা :
|b চিত্র ;
|c ২২ সে.মি.
|
| 362 |
|
|
|a Vol.1
|
| 500 |
|
|
|a গ্রন্থপঞ্জিগত নির্দেশিকা অন্তভূক্ত ।
|
| 526 |
|
|
|a GenEd (Residential Campus)
|
| 541 |
|
|
|a Development Book Agency
|e 40660, 40661
|
| 600 |
|
|
|a কায়সার, শহিদুল্লা
|d ১৯২৭-১৯৭১
|9 53396
|
| 650 |
|
|
|a Bengali fiction.
|
| 650 |
|
|
|a Bengali Literature.
|
| 700 |
|
|
|a আনিসুজ্জামান
|
| 700 |
|
|
|a কায়সার, পান্না
|
| 852 |
|
|
|a Ayesha Abed Library
|c General Stacks
|
| 942 |
|
|
|2 ddc
|c BK
|
| 999 |
|
|
|c 45325
|d 45325
|
| 952 |
|
|
|0 0
|1 0
|2 ddc
|4 0
|6 891_443000000000000_KAI
|7 0
|9 72740
|a SCL
|b SCL
|c GEN
|d 2023-01-05
|e Development Book Agency
|g 637.50
|l 0
|o 891.443 KAI
|p 3020040661
|r 2023-01-05
|t 2
|v 637.50
|w 2023-01-05
|y BK
|
| 952 |
|
|
|0 0
|1 0
|2 ddc
|4 0
|6 891_443000000000000_KAI
|7 0
|9 72741
|a SCL
|b SCL
|c GEN
|d 2023-01-05
|e Development Book Agency
|g 637.50
|l 1
|o 891.443 KAI
|p 3020040660
|r 2025-08-03
|s 2025-05-12
|t 1
|v 637.50
|w 2023-01-05
|y BK
|